[Event "BL 1516 SV Hockenheim - SV Griesheim"]
[Site "?"]
[Date "2015.12.11"]
[Round "7.6"]
[White "Banusz, Tamas"]
[Black "Baskin, Robert"]
[Result "1-0"]
[WhiteElo "2611"]
[BlackElo "2351"]
[PlyCount "89"]
[EventDate "2015.??.??"]

1. Nf3 Nf6 2. c4 c6 3. d4 d5 4. g3 g6 5. Bg2 Bg7 6. cxd5 cxd5 7. Nc3 Ne4 8.
Qa4+ Nc6 9. Ne5 Nxc3 10. bxc3 Bd7 11. Nxd7 Qxd7 12. Rb1 Rd8 13. e3 O-O 14. Qb5
Qf5 15. Rb2 a6 16. Qc5 Qd7 17. O-O e6 18. Qb6 Rb8 19. Bd2 Qd8 20. c4 dxc4 21.
Rfb1 Nxd4 22. exd4 Bxd4 23. Qxd8 Rfxd8 24. Rc2 b5 25. Ba5 Rdc8 26. a4 c3 27.
axb5 Rxb5 28. Rxb5 axb5 29. Bf1 Ra8 30. Bb4 e5 31. Bd3 Rc8 32. Rc1 Kg7 33. Kf1
f5 34. Ke2 e4 35. Bc2 Rc4 36. Rb1 Kf6 37. Ba3 Bc5 38. Bc1 Rb4 39. Ra1 Rd4 40.
Be3 Rd5 41. Bb3 Re5 42. Bf4 Re7 43. Ra6+ Kg7 44. Ra5 Rb7 45. Be5+ 1-0

[Event "BL 1516 SV Hockenheim - SV Griesheim"]
[Site "?"]
[Date "2015.12.11"]
[Round "7.7"]
[White "Walter, Stefan"]
[Black "Ribli, Zoltan"]
[Result "1/2-1/2"]
[WhiteElo "2403"]
[BlackElo "2559"]
[PlyCount "64"]
[EventDate "2015.??.??"]

1. d4 Nf6 2. c4 e6 3. Nc3 Bb4 4. Qc2 O-O 5. a3 Bxc3+ 6. Qxc3 b6 7. Bg5 Bb7 8.
f3 h6 9. Bh4 d5 10. e3 Nbd7 11. cxd5 Bxd5 12. Bb5 c6 13. Ba4 Rc8 14. Bxf6 Qxf6
15. e4 b5 16. Bc2 Bc4 17. b3 e5 18. Rd1 exd4 19. Qxd4 Be6 20. Qxf6 Nxf6 21. Ne2
Rfd8 22. Kf2 Kf8 23. Ke3 Ke7 24. Rxd8 Rxd8 25. Nd4 Rc8 26. Rc1 a6 27. Bd3 Bd7
28. b4 g6 29. Nb3 Ne8 30. Na5 Ng7 31. e5 Ne6 32. Be4 c5 1/2-1/2

[Event "BL 1516 SV Hockenheim - SV Griesheim"]
[Site "?"]
[Date "2015.12.11"]
[Round "7.8"]
[White "Rau, Hannes"]
[Black "Spitzl, Vinzent"]
[Result "1-0"]
[WhiteElo "2468"]
[BlackElo "2113"]
[PlyCount "69"]
[EventDate "2015.??.??"]

1. d4 d5 2. c4 e6 3. Nc3 Be7 4. cxd5 exd5 5. Bf4 Nf6 6. e3 O-O 7. Bd3 Re8 8. h3
c6 9. Nf3 Nbd7 10. O-O Nf8 11. Rb1 Ne6 12. Bh2 g6 13. Ne5 Ng7 14. g4 Nd7 15. f4
Nxe5 16. fxe5 Be6 17. Kg2 Qd7 18. Be2 Rf8 19. Bf3 f5 20. exf6 Bxf6 21. Qd3 Ne8
22. b4 Nd6 23. b5 b6 24. bxc6 Qxc6 25. Bxd6 Qxd6 26. e4 Bh4 27. e5 Qe7 28. Nxd5
Qd7 29. Nf6+ Bxf6 30. Bxa8 Rxa8 31. Rxf6 Bxa2 32. Rc1 Rd8 33. Rd6 Qb7+ 34. Qf3
Rxd6 35. Qxb7 1-0

[Event "BL 1516 SG Solingen - SG Turm Trier"]
[Site "?"]
[Date "2015.12.11"]
[Round "7.1"]
[White "Erdos, Viktor"]
[Black "Harikrishna, Pentala"]
[Result "1/2-1/2"]
[WhiteElo "2615"]
[BlackElo "2743"]
[PlyCount "55"]
[EventDate "2015.??.??"]

1. c4 e5 2. g3 Nf6 3. Nc3 Bc5 4. Bg2 d6 5. e3 O-O 6. Nge2 c6 7. O-O Bb6 8. d4
Re8 9. Qc2 Bg4 10. h3 Bh5 11. g4 Bg6 12. Qd1 exd4 13. exd4 Ne4 14. Nf4 Nxc3 15.
bxc3 Nd7 16. Nxg6 hxg6 17. Qd3 Nf8 18. Bd2 Qd7 19. f4 Re7 20. f5 Rae8 21. Rf2
d5 22. cxd5 cxd5 23. Bg5 Re1+ 24. Rxe1 Rxe1+ 25. Rf1 Rxf1+ 26. Kxf1 Qc6 27. Bd2
Nd7 28. fxg6 1/2-1/2

[Event "BL 1516 SG Solingen - SG Turm Trier"]
[Site "?"]
[Date "2015.12.11"]
[Round "7.2"]
[White "Rapport, Richard"]
[Black "Lupulescu, Constantin"]
[Result "1-0"]
[WhiteElo "2715"]
[BlackElo "2627"]
[PlyCount "123"]
[EventDate "2015.??.??"]

1. Nf3 d5 2. g3 Bg4 3. Bg2 c6 4. c4 e6 5. O-O Nd7 6. cxd5 cxd5 7. Nc3 Ne7 8.
Nd4 Nc8 9. d3 Bh5 10. h3 Bc5 11. Nb3 Bb6 12. Bf4 a6 13. Rc1 O-O 14. Na4 Ba7 15.
Qd2 Ncb6 16. Nac5 Nxc5 17. Rxc5 Re8 18. g4 Bg6 19. Rfc1 e5 20. Bg3 f6 21. a4
Bf7 22. a5 Nc8 23. Rc7 Nd6 24. Qb4 Rb8 25. d4 Nb5 26. Rxf7 Kxf7 27. dxe5 fxe5
28. Qd2 d4 29. Qd3 Kg8 30. Be4 Kh8 31. Bxh7 Nd6 32. Qg6 Qf6 33. Qh5 Qh6 34.
Qxh6 gxh6 35. Rc7 Rbc8 36. Rd7 Bb8 37. Bg6 Re6 38. Bb1 Kg8 39. Ba2 Kf8 40. Nxd4
Re7 41. Rxe7 Kxe7 42. Bxe5 Rc5 43. f4 Rxa5 44. Bg8 Ba7 45. e3 Ra1+ 46. Kg2 Rb1
47. Kf3 Rf1+ 48. Kg3 Re1 49. Kf2 Rb1 50. Bxd6+ Kxd6 51. Nf5+ Kd7 52. b3 Rb2+
53. Kf3 Rh2 54. h4 b5 55. Bf7 a5 56. h5 a4 57. bxa4 bxa4 58. g5 hxg5 59. fxg5
Bc5 60. h6 Bf8 61. Kg3 Rh1 62. Kg2 1-0

[Event "BL 1516 SG Solingen - SG Turm Trier"]
[Site "?"]
[Date "2015.12.11"]
[Round "7.3"]
[White "Parligras, Mircea-Emilian"]
[Black "Ragger, Markus"]
[Result "1/2-1/2"]
[WhiteElo "2586"]
[BlackElo "2687"]
[PlyCount "73"]
[EventDate "2015.??.??"]

1. d4 Nf6 2. c4 g6 3. Nc3 d5 4. cxd5 Nxd5 5. e4 Nxc3 6. bxc3 Bg7 7. Be3 c5 8.
Rc1 Qa5 9. Qd2 cxd4 10. cxd4 Qxd2+ 11. Bxd2 O-O 12. Nf3 e6 13. Bb5 Nc6 14. Bxc6
bxc6 15. O-O Rb8 16. a3 Ba6 17. Rfe1 Bb5 18. Bb4 Rfd8 19. Bc5 a6 20. h4 Ba4 21.
Rc4 Bb3 22. Rc3 Ba4 23. Ne5 Rb2 24. Rf3 Rb7 25. h5 gxh5 26. Rh3 f6 27. Nc4 Bf8
28. e5 fxe5 29. Rxe5 Bg7 30. Rxe6 Bxd4 31. Rxh5 Rb5 32. Ne5 Rxc5 33. Rg5+ Kf8
34. Rf5+ Kg8 35. Rg5+ Kf8 36. Rf5+ Kg8 37. Rg5+ 1/2-1/2

[Event "BL 1516 SG Solingen - SG Turm Trier"]
[Site "?"]
[Date "2015.12.11"]
[Round "7.4"]
[White "Van Kampen, Robin"]
[Black "Jaracz, Pawel"]
[Result "1-0"]
[WhiteElo "2615"]
[BlackElo "2497"]
[PlyCount "147"]
[EventDate "2015.??.??"]

1. e4 c5 2. Nf3 d6 3. Bb5+ Nd7 4. d4 cxd4 5. Qxd4 a6 6. Bxd7+ Bxd7 7. O-O e5 8.
Qd3 h6 9. c4 b5 10. Nfd2 Nf6 11. Nc3 Qb6 12. a4 bxa4 13. Nxa4 Qb7 14. Nc3 Be7
15. Rd1 O-O 16. b3 Rfc8 17. Rb1 Rc6 18. Ba3 a5 19. Nf1 Rb6 20. Ne3 Bc6 21. f3
g6 22. Qe2 Qc7 23. Rd3 Rab8 24. Qd1 Qa7 25. Kf1 R6b7 26. Ke2 Ne8 27. Ned5 Bf8
28. Ne3 Qa6 29. Ncd5 h5 30. Qc2 Bd7 31. Kf2 Be6 32. Rbd1 Qa7 33. Kf1 Bh6 34.
Rc3 Qa6 35. Kf2 Qa7 36. Ke2 Qa6 37. Qd3 Qa7 38. g3 Bg7 39. Ra1 Qd4 40. Rb1 f5
41. Qc2 Bxd5 42. Nxd5 Rf7 43. Rd1 Qa7 44. Bc1 Nc7 45. Nxc7 Qxc7 46. Ba3 Bf8 47.
Rd5 Qb6 48. Kf1 Rf6 49. Kg2 Rb7 50. exf5 Rxf5 51. Qe4 Rbf7 52. Rcd3 R5f6 53.
Bc1 Qa6 54. Bd2 a4 55. Ra5 Qc8 56. Rxa4 h4 57. gxh4 d5 58. cxd5 Qc2 59. Rc4 Qb2
60. Qe1 Qa2 61. Rg4 Bd6 62. Qe4 Qc2 63. h5 g5 64. Rxg5+ Kh8 65. Rg3 Bf8 66. Kh3
Qd1 67. Be1 Qc1 68. Kg2 Qc2+ 69. Rd2 Qxb3 70. Bf2 Qb8 71. Rc2 Qb7 72. Rc6 Rf4
73. Qxe5+ Kh7 74. Qg5 1-0

[Event "BL 1516 SG Solingen - SG Turm Trier"]
[Site "?"]
[Date "2015.12.11"]
[Round "7.5"]
[White "Cyborowski, Lukasz"]
[Black "Sandipan, Chanda"]
[Result "0-1"]
[WhiteElo "2517"]
[BlackElo "2582"]
[PlyCount "120"]
[EventDate "2015.??.??"]

1. c4 c6 2. e4 d5 3. exd5 cxd5 4. cxd5 Nf6 5. Nc3 Nxd5 6. Nf3 Nxc3 7. bxc3 g6
8. Bb5+ Bd7 9. a4 Bg7 10. O-O O-O 11. Re1 Bxb5 12. axb5 Nd7 13. d4 e5 14. Ba3
Re8 15. Qb3 Qc7 16. h3 Bf6 17. Bb4 Rec8 18. Ra2 a6 19. dxe5 Nxe5 20. Nxe5 Bxe5
21. b6 Qb8 22. Rae2 Bf6 23. Qd5 Kg7 24. Qf3 Rc6 25. c4 Rxb6 26. Bc3 Qc8 27. Re4
Bxc3 28. Qxc3+ Kg8 29. Re7 Qc6 30. Qe3 Rf8 31. Rd1 Rb4 32. c5 Rb5 33. Rdd7 Qxc5
34. Qxc5 Rxc5 35. Rxb7 Rf5 36. Ra7 Rf6 37. h4 Rd8 38. Red7 Rxd7 39. Rxd7 Kf8
40. Ra7 Ke8 41. f3 Kd8 42. Kf2 Kc8 43. Ke3 Kb8 44. Rd7 a5 45. Kd4 Rf4+ 46. Ke3
Rb4 47. Rxf7 a4 48. Rf8+ Kb7 49. Rf7+ Kb6 50. Rf8 Kb5 51. Kd3 Rxh4 52. Kc3 Rc4+
53. Kb2 Rb4+ 54. Ka2 Rd4 55. g4 Rd2+ 56. Ka3 Rd3+ 57. Ka2 Kc5 58. Rf7 Kd4 59.
f4 Rg3 60. g5 Ke4 0-1

[Event "BL 1516 SG Solingen - SG Turm Trier"]
[Site "?"]
[Date "2015.12.11"]
[Round "7.6"]
[White "Nikolic, Predrag"]
[Black "Bobras, Piotr"]
[Result "1/2-1/2"]
[WhiteElo "2620"]
[BlackElo "2520"]
[PlyCount "96"]
[EventDate "2015.??.??"]

1. d4 d5 2. c4 c6 3. Nf3 Nf6 4. e3 Bf5 5. cxd5 cxd5 6. Nc3 Nc6 7. Ne5 e6 8. g4
Bg6 9. h4 h5 10. Nxg6 fxg6 11. g5 Ng8 12. Bh3 Qd7 13. e4 Bb4 14. exd5 Qxd5 15.
O-O Bxc3 16. bxc3 Nge7 17. Re1 Nf5 18. Bg2 Qc4 19. Qb3 Qxb3 20. axb3 Kd7 21. d5
exd5 22. Bxd5 Rhe8 23. Rd1 Kc7 24. Bf7 Re4 25. Bxg6 Rg4+ 26. Kf1 Rf8 27. Ba3
Nfe7 28. Bd6+ Kb6 29. Bxh5 Rxh4 30. Be2 Rf5 31. c4 a6 32. f4 Nc8 33. c5+ Ka7
34. Bc7 Rf7 35. Bd6 Nxd6 36. cxd6 Rfxf4+ 37. Kg2 Rf5 38. Bf3 Rxg5+ 39. Kf2 Rh2+
40. Ke3 Re5+ 41. Kf4 Rh4+ 42. Kg3 Rh8 43. Bxc6 bxc6 44. Kf4 Re6 45. Ra5 Kb6 46.
Re5 Rf6+ 47. Rf5 Re6 48. Re5 Rf6+ 1/2-1/2

[Event "BL 1516 SG Solingen - SG Turm Trier"]
[Site "?"]
[Date "2015.12.11"]
[Round "7.7"]
[White "Gordon, Stephen J"]
[Black "Naumann, Alexander"]
[Result "1/2-1/2"]
[WhiteElo "2499"]
[BlackElo "2546"]
[PlyCount "61"]
[EventDate "2015.??.??"]

1. c4 Nf6 2. Nc3 c5 3. g3 g6 4. Bg2 Bg7 5. e3 O-O 6. Nge2 Nc6 7. O-O d6 8. d4
Bd7 9. b3 Qc8 10. Bb2 Bh3 11. d5 Nb4 12. f3 Bxg2 13. Kxg2 b5 14. e4 bxc4 15.
bxc4 Rb8 16. Rb1 Nd7 17. a3 Na6 18. Qc2 Nc7 19. a4 Na6 20. Na2 Ne5 21. Bxe5
Bxe5 22. Qd2 f5 23. Rxb8 Nxb8 24. f4 Bg7 25. Qd3 Na6 26. Rb1 Nc7 27. exf5 gxf5
28. Nac3 Na6 29. Na2 Nc7 30. Nac3 Na6 31. Na2 1/2-1/2

[Event "BL 1516 SG Solingen - SG Turm Trier"]
[Site "?"]
[Date "2015.12.11"]
[Round "7.8"]
[White "Handke, Florian"]
[Black "Gonda, Laszlo"]
[Result "1-0"]
[WhiteElo "2525"]
[BlackElo "2544"]
[PlyCount "65"]
[EventDate "2015.??.??"]

1. d4 d5 2. c4 c6 3. Nf3 Nf6 4. Qc2 dxc4 5. Qxc4 Bg4 6. Nbd2 e6 7. g3 Nbd7 8.
Bg2 Be7 9. O-O O-O 10. b3 a5 11. a3 Rc8 12. Bb2 b5 13. Qc2 Qb6 14. Rfc1 Bh5 15.
a4 Qb8 16. e4 Bb4 17. Bc3 c5 18. Bxb4 axb4 19. Qd3 bxa4 20. bxa4 Rfd8 21. a5
Bxf3 22. Nxf3 b3 23. Rab1 cxd4 24. Rxc8 Qxc8 25. Qxd4 Nc5 26. Qb4 Nfxe4 27. Ne5
Qc7 28. Nxf7 Rb8 29. Qd4 Qxf7 30. Bxe4 Qc7 31. Rc1 Rd8 32. Qb4 b2 33. Rxc5 1-0

[Event "BL 1516 Werder Bremen - Turm Emsdetten"]
[Site "?"]
[Date "2016.02.05"]
[Round "7.1"]
[White "Swiercz, Dariusz"]
[Black "Areshchenko, Alexander"]
[Result "1/2-1/2"]
[WhiteElo "2664"]
[BlackElo "2675"]
[PlyCount "55"]
[EventDate "2016.??.??"]

1. Nf3 c5 2. c4 Nc6 3. Nc3 g6 4. e3 Nf6 5. d4 cxd4 6. exd4 d5 7. cxd5 Nxd5 8.
Qb3 e6 9. Bb5 Bg7 10. O-O O-O 11. Bxc6 bxc6 12. Na4 Qc7 13. Bd2 Rd8 14. Nc5 Ne7
15. Bg5 h6 16. Bxe7 Qxe7 17. Qc3 Rd5 18. Rac1 Qd6 19. Rfe1 Bxd4 20. Nxd4 Rxd4
21. Ne4 Qd8 22. Qc5 Rb8 23. Qe5 Rb5 24. Nf6+ Kf8 25. Nh7+ Kg8 26. Nf6+ Kf8 27.
Nh7+ Kg8 28. Nf6+ 1/2-1/2

[Event "BL 1516 Werder Bremen - Turm Emsdetten"]
[Site "?"]
[Date "2016.02.05"]
[Round "7.2"]
[White "McShane, Luke J"]
[Black "Van Foreest, Jorden"]
[Result "1-0"]
[WhiteElo "2671"]
[BlackElo "2558"]
[PlyCount "85"]
[EventDate "2016.??.??"]

1. e4 c5 2. Nf3 e6 3. g3 d5 4. exd5 exd5 5. d4 Nc6 6. Bg2 Bg4 7. O-O Nxd4 8.
Qe1+ Be6 9. Nxd4 cxd4 10. Nd2 Bc5 11. Nb3 Bb6 12. a4 a5 13. Qe5 Qf6 14. Bf4 Ne7
15. Qe2 O-O 16. Be5 d3 17. cxd3 Qg6 18. Bd4 Bxd4 19. Nxd4 Nf5 20. Qe5 Rad8 21.
Rfc1 Rfe8 22. Rc7 Bc8 23. Rxc8 Rxc8 24. Qxf5 Qxf5 25. Nxf5 Rc2 26. Bxd5 Rxb2
27. Rc1 g6 28. Ne3 Re7 29. Rc5 b6 30. Rc8+ Kg7 31. Bc4 h5 32. h4 Rb4 33. Bb5
Re6 34. Rc2 Kh6 35. Kg2 Rd6 36. Kf3 f5 37. Ng2 Rxb5 38. axb5 Rxd3+ 39. Ne3 Rb3
40. Rc7 Rxb5 41. Nc2 a4 42. Nd4 Re5 43. Kg2 1-0

[Event "BL 1516 Werder Bremen - Turm Emsdetten"]
[Site "?"]
[Date "2016.02.05"]
[Round "7.3"]
[White "Burg, Twan"]
[Black "Bluebaum, Matthias"]
[Result "0-1"]
[WhiteElo "2497"]
[BlackElo "2599"]
[PlyCount "110"]
[EventDate "2016.??.??"]

1. e4 e6 2. d4 d5 3. Nd2 c5 4. exd5 Qxd5 5. Ngf3 cxd4 6. Bc4 Qd6 7. O-O Nf6 8.
Nb3 Nc6 9. Nbxd4 Nxd4 10. Nxd4 Be7 11. c3 Qc7 12. Qe2 a6 13. Bg5 O-O 14. Rfe1
Re8 15. Bb3 Nd5 16. Bxe7 Nxe7 17. Rad1 Ng6 18. g3 Bd7 19. h4 h6 20. Nf3 Bb5 21.
Qe3 Rad8 22. Bc2 Nf8 23. Nd4 Bd7 24. Be4 Bc8 25. Nb3 b6 26. Qf3 Nd7 27. Nd4 Nf6
28. Bc6 Rf8 29. Nc2 Ng4 30. Ba8 Bd7 31. Qxg4 Rxa8 32. Rd4 Bc6 33. Red1 Qb7 34.
Qh3 Bf3 35. R1d2 e5 36. Rd6 f5 37. Qf1 Qe4 38. Qe1 Qg4 39. Kh2 f4 40. Qxe5 Rae8
41. Qd4 Be4 42. Qc4+ Kh8 43. Nd4 fxg3+ 44. fxg3 Rf3 45. Nxf3 Qxf3 46. Kh3 Qh1+
47. Kg4 Qf3+ 48. Kh3 h5 49. Rh6+ gxh6 50. Qd4+ Kg8 51. Qc4+ Qf7 52. Qxa6 Bb7
53. Qd3 Re1 54. Qd8+ Kh7 55. Rd7 Rh1# 0-1

[Event "BL 1516 Werder Bremen - Turm Emsdetten"]
[Site "?"]
[Date "2016.02.05"]
[Round "7.4"]
[White "Werle, Jan"]
[Black "Janssen, Ruud"]
[Result "1/2-1/2"]
[WhiteElo "2545"]
[BlackElo "2484"]
[PlyCount "76"]
[EventDate "2016.??.??"]

1. d4 Nf6 2. c4 e6 3. Nc3 Bb4 4. e3 c5 5. Nf3 d6 6. Bd3 Bxc3+ 7. bxc3 Nc6 8.
O-O e5 9. d5 Ne7 10. e4 Ng6 11. Re1 O-O 12. Nd2 Nf4 13. Bf1 h6 14. f3 Nh7 15.
Nb3 Qf6 16. Be3 g5 17. g3 Nh3+ 18. Kh1 Kh8 19. Nd2 Rg8 20. Bg2 Nf8 21. Qe2 Ng6
22. Qf1 Nhf4 23. gxf4 exf4 24. Bf2 Ne5 25. Bh3 Rg6 26. Bxc8 Rxc8 27. Qh3 Rcg8
28. Rg1 Nd3 29. Qf1 Qxc3 30. Qe2 Ne5 31. Rac1 Qa3 32. Nb3 a5 33. Rc2 a4 34. Nd2
g4 35. fxg4 Nxg4 36. Rxg4 Rxg4 37. Nf3 f6 38. Rd2 Rg2 1/2-1/2

[Event "BL 1516 Werder Bremen - Turm Emsdetten"]
[Site "?"]
[Date "2016.02.05"]
[Round "7.5"]
[White "Fiebig, Thomas"]
[Black "Markgraf, Alexander"]
[Result "1/2-1/2"]
[WhiteElo "2423"]
[BlackElo "2495"]
[PlyCount "114"]
[EventDate "2016.??.??"]

1. e4 c5 2. c3 Nf6 3. e5 Nd5 4. Nf3 e6 5. d4 cxd4 6. cxd4 d6 7. Bc4 Nc6 8. O-O
Be7 9. a3 O-O 10. Qc2 Bd7 11. Bd3 g6 12. Bh6 Re8 13. Nbd2 Qc7 14. Rfe1 Rac8 15.
Rad1 Nxe5 16. Nxe5 Qxc2 17. Bxc2 dxe5 18. Bb3 exd4 19. Nf3 Nb6 20. Rxd4 Bf6 21.
Ne5 Red8 22. h3 Be8 23. Rf4 Bg7 24. Bg5 Rd6 25. Rf3 Nd7 26. Nc4 Rdc6 27. Na5
Rb6 28. Nc4 Ra6 29. Bf4 Bf8 30. Rd1 Nc5 31. Nd6 Bxd6 32. Rxd6 Rxd6 33. Bxd6 Bc6
34. Re3 Nxb3 35. Rxb3 f6 36. Rc3 Rd8 37. Rd3 Kf7 38. Rd2 Bd5 39. Bc5 b6 40. Bb4
a5 41. Bc3 e5 42. f3 Ke6 43. Kf2 Rc8 44. Rd1 h5 45. h4 Rc4 46. g3 Ra4 47. Ra1
Bb3 48. Rc1 Bd5 49. Bd2 b5 50. Rc5 b4 51. axb4 axb4 52. Rb5 b3 53. Rb6+ Kf7 54.
Bc3 Ra8 55. f4 Re8 56. fxe5 fxe5 57. Ke3 Re7 1/2-1/2

[Event "BL 1516 Werder Bremen - Turm Emsdetten"]
[Site "?"]
[Date "2016.02.05"]
[Round "7.6"]
[White "Meins, Gerlef"]
[Black "Zumsande, Martin"]
[Result "1/2-1/2"]
[WhiteElo "2417"]
[BlackElo "2465"]
[PlyCount "154"]
[EventDate "2016.??.??"]

1. Nf3 d5 2. g3 Nf6 3. Bg2 e6 4. O-O b5 5. b3 Bb7 6. c4 bxc4 7. bxc4 dxc4 8.
Na3 Nbd7 9. Nxc4 c5 10. d3 Nd5 11. Bd2 Be7 12. Rb1 Qc8 13. Nfe5 Nxe5 14. Nxe5
O-O 15. Qb3 Nb6 16. Bxb7 Qxb7 17. a4 Qc7 18. Nc4 Nd5 19. Qb7 Qd8 20. Ne5 Bd6
21. Nc6 Qf6 22. Rfc1 Be5 23. Rxc5 Bd4 24. Nxd4 Qxd4 25. Rc4 Qe5 26. Re4 Qd6 27.
Bb4 Nxb4 28. Qxb4 Qd5 29. Qc4 Qa5 30. Qb4 Qd5 31. Qb3 Qd6 32. Rc4 h6 33. Qb4
Qe5 34. Qb2 Qh5 35. e3 Rad8 36. d4 Qf3 37. Rc5 Rd7 38. Qc2 Rfd8 39. Qd1 Qe4 40.
Qc2 Qf3 41. Rb3 g6 42. Qb1 Kh7 43. h4 h5 44. a5 Rd5 45. Rxd5 Rxd5 46. Rb5 Rd7
47. a6 Rd6 48. Qf1 Qc6 49. Rb7 Kg7 50. Rxa7 Qb6 51. Ra8 Qc6 52. Ra7 Qb6 53. Rb7
Qxa6 54. Qxa6 Rxa6 55. Kg2 Ra2 56. Kf3 Rd2 57. Rb4 Kf6 58. e4 Ra2 59. Rb7 Ra3+
60. Kf4 Ra2 61. f3 Ra4 62. Rd7 Rb4 63. g4 hxg4 64. fxg4 Rb1 65. e5+ Kg7 66. Kg5
Re1 67. Rd8 Rg1 68. Ra8 Rd1 69. Rd8 Rg1 70. Rd6 Re1 71. Rd7 Re2 72. Kf4 Re1 73.
h5 gxh5 74. gxh5 Kh6 75. d5 exd5 76. Rxd5 Kxh5 77. e6+ Kg6 1/2-1/2

[Event "BL 1516 Werder Bremen - Turm Emsdetten"]
[Site "?"]
[Date "2016.02.05"]
[Round "7.7"]
[White "Richter, Christian"]
[Black "Joachim, Sven"]
[Result "1/2-1/2"]
[WhiteElo "2362"]
[BlackElo "2397"]
[PlyCount "50"]
[EventDate "2016.??.??"]

1. d4 Nf6 2. Nf3 g6 3. g3 Bg7 4. Bg2 d5 5. O-O O-O 6. c4 c6 7. cxd5 cxd5 8. Ne5
Ng4 9. Nf3 Nf6 10. Ne5 Ng4 11. Nxg4 Bxg4 12. Nc3 Nc6 13. h3 Be6 14. e3 Qd7 15.
Kh2 Rac8 16. Bd2 Rfd8 17. Rc1 f6 18. Ne2 Bf7 19. Qb3 e5 20. Rfd1 exd4 21. Nxd4
Nxd4 22. exd4 Rc4 23. Bf4 Rdc8 24. Rxc4 Rxc4 25. Bf1 Rc8 1/2-1/2

[Event "BL 1516 Werder Bremen - Turm Emsdetten"]
[Site "?"]
[Date "2016.02.05"]
[Round "7.8"]
[White "Grigorian, Spartak"]
[Black "van Foreest, Lucas"]
[Result "1/2-1/2"]
[WhiteElo "2312"]
[BlackElo "2350"]
[PlyCount "142"]
[EventDate "2016.??.??"]

1. d4 Nf6 2. c4 e6 3. Nc3 Bb4 4. e3 b6 5. Nge2 c5 6. a3 Ba5 7. Rb1 Qe7 8. Bd2
O-O 9. g3 Bxc3 10. Bxc3 Bb7 11. d5 exd5 12. Bg2 Ne4 13. cxd5 d6 14. O-O Re8 15.
b4 Nxc3 16. Nxc3 Nd7 17. Qd2 Ne5 18. Rfe1 Rac8 19. bxc5 Rxc5 20. Nb5 Qd7 21. a4
a6 22. Nc3 Rec8 23. Ne4 Rc2 24. Qd4 b5 25. axb5 axb5 26. Qb6 Bxd5 27. Qxd6 Qxd6
28. Nxd6 Bxg2 29. Kxg2 Rb8 30. Nxb5 Nd3 31. Rf1 h5 32. Na3 Rxb1 33. Nxc2 Rb2
34. Nd4 Ne5 35. h3 Nd3 36. g4 hxg4 37. hxg4 Nc5 38. Kf3 g6 39. Kf4 Kg7 40. f3
Kf6 41. g5+ Ke7 42. Ra1 Ne6+ 43. Nxe6 Kxe6 44. Ra6+ Ke7 45. e4 Rb3 46. Kg4 Rb4
47. Kg3 Rb5 48. Kf4 Rb3 49. Rf6 Rb5 50. e5 Rb4+ 51. Kg3 Rb5 52. f4 Rb3+ 53. Kf2
Rb2+ 54. Ke3 Rb3+ 55. Kd4 Rb4+ 56. Kc5 Ra4 57. Kd5 Rb4 58. Kc5 Ra4 59. Kd5 Rb4
60. e6 fxe6+ 61. Ke5 Rb5+ 62. Ke4 Rb4+ 63. Kf3 Rb3+ 64. Kg4 Rb4 65. Rxg6 e5 66.
Ra6 Rxf4+ 67. Kh5 Kf8 68. g6 Kg8 69. Re6 Rf8 70. Rxe5 Rb8 71. Kh6 Rd8 1/2-1/2

[Event "BL 1516 USV TU Dresden - Schachfr. Berl"]
[Site "?"]
[Date "2016.04.22"]
[Round "7.1"]
[White "Vocaturo, Daniele"]
[Black "Gajewski, Grzegorz"]
[Result "1/2-1/2"]
[WhiteElo "2562"]
[BlackElo "2627"]
[PlyCount "77"]
[EventDate "2016.??.??"]

1. d4 Nf6 2. c4 e6 3. Nc3 Bb4 4. Nf3 b6 5. e3 O-O 6. Bd3 d5 7. cxd5 exd5 8. O-O
Ba6 9. Bxa6 Nxa6 10. Bd2 Re8 11. Rc1 c5 12. Qa4 Nc7 13. dxc5 bxc5 14. Rfd1 Re6
15. a3 Ra6 16. Qc2 Ba5 17. Na4 c4 18. Bxa5 Rxa5 19. Nd4 Qe8 20. Nc3 Rb8 21. Rd2
g6 22. Rcd1 Kg7 23. Re2 Ne6 24. Nxe6+ Qxe6 25. Qd2 Qe5 26. f3 h5 27. Qd4 Qxd4
28. Rxd4 Ra6 29. Kf1 Rab6 30. Rdd2 R6b7 31. Ke1 Rd7 32. Kd1 Re8 33. Rd4 Re5 34.
Kc2 Rde7 35. Kd2 Rb7 36. Ke1 Rbe7 37. Kd2 Rb7 38. Ke1 Rbe7 39. Kd2 1/2-1/2

[Event "BL 1516 USV TU Dresden - Schachfr. Berl"]
[Site "?"]
[Date "2016.04.22"]
[Round "7.2"]
[White "Bartel, Mateusz"]
[Black "Kraemer, Martin"]
[Result "1-0"]
[WhiteElo "2634"]
[BlackElo "2570"]
[PlyCount "117"]
[EventDate "2016.??.??"]

1. Nf3 d5 2. c4 d4 3. b4 c5 4. e3 dxe3 5. fxe3 cxb4 6. d4 Nf6 7. Bd3 g6 8. Nbd2
Bg7 9. Rb1 Nc6 10. Qe2 O-O 11. O-O Bg4 12. Bb2 Nh5 13. Qf2 a5 14. d5 Bxb2 15.
Rxb2 Bxf3 16. Nxf3 Qd6 17. dxc6 Qxd3 18. cxb7 Rab8 19. Rd2 Qe4 20. Ng5 Qxb7 21.
g4 Nf6 22. Qh4 h5 23. gxh5 Nxh5 24. Rdf2 Qb6 25. Qh3 f5 26. Rg2 Rf6 27. Kh1 Kg7
28. Nf3 Rh8 29. Nh4 Kf7 30. Nf3 Kg7 31. Nh4 Kf7 32. Nf3 Qb7 33. Qh4 Kg7 34. Qd4
Qe4 35. Qa7 f4 36. exf4 Nxf4 37. Rg4 Rh3 38. Qf2 Qxc4 39. Re1 Qf7 40. Qa7 Ne6
41. Ne5 Qe8 42. Nd7 Rhf3 43. Nxf6 Rxf6 44. Rge4 Qf7 45. Kg1 Ng5 46. Rxe7 Nf3+
47. Kh1 Nxe1 48. Rxf7+ Rxf7 49. Qd4+ Kg8 50. Qg1 Kg7 51. Qxe1 Rf5 52. Qe7+ Kg8
53. Kg2 Kh8 54. Kg3 Kg8 55. Kg4 Kh8 56. h3 Kg8 57. h4 Kh8 58. h5 Rxh5 59. Qf7
1-0

[Event "BL 1516 USV TU Dresden - Schachfr. Berl"]
[Site "?"]
[Date "2016.04.22"]
[Round "7.3"]
[White "Schneider, Ilja"]
[Black "Socko, Bartosz"]
[Result "0-1"]
[WhiteElo "2505"]
[BlackElo "2584"]
[PlyCount "140"]
[EventDate "2016.??.??"]

1. d4 e6 2. Nf3 d5 3. c4 Nf6 4. g3 Bb4+ 5. Bd2 Be7 6. Bg2 c6 7. O-O Nbd7 8. Qc2
b6 9. b3 Bb7 10. Nc3 Rc8 11. Rad1 O-O 12. e4 dxe4 13. Ng5 c5 14. dxc5 Nxc5 15.
Bf4 Qe8 16. Ncxe4 Nfxe4 17. Nxe4 Bxe4 18. Bxe4 Nxe4 19. Qxe4 b5 20. Rc1 Ba3 21.
Rc2 Qc6 22. Qxc6 Rxc6 23. Bc1 Bb4 24. Be3 a6 25. Rcc1 bxc4 26. Rxc4 Rxc4 27.
bxc4 Rc8 28. c5 Kf8 29. Rd1 Ke7 30. Rd6 a5 31. Ra6 Bxc5 32. Rxa5 Bxe3 33. fxe3
Rc1+ 34. Kg2 Rc2+ 35. Kg1 f5 36. h4 Kf6 37. Kf1 h6 38. a4 Rc4 39. Ra7 g5 40.
Rh7 Kg6 41. Re7 Re4 42. hxg5 hxg5 43. Ke2 Kf6 44. Ra7 Rg4 45. Kf3 Rb4 46. a5
Ra4 47. a6 Ke5 48. Rd7 g4+ 49. Ke2 Rxa6 50. Rd4 Ra2+ 51. Kf1 Rb2 52. Rf4 Rd2
53. Ra4 Kd5 54. Rf4 Ra2 55. e4+ fxe4 56. Rxg4 Kd4 57. Rg8 Ke3 58. Re8 Rf2+ 59.
Ke1 Rg2 60. Kf1 Rxg3 61. Rxe6 Rf3+ 62. Ke1 Rh3 63. Kf1 Rh1+ 64. Kg2 Re1 65. Ra6
Rd1 66. Ra8 Ke2 67. Ra7 e3 68. Ra2+ Rd2 69. Ra1 Rd3 70. Ra2+ Ke1 0-1

[Event "BL 1516 USV TU Dresden - Schachfr. Berl"]
[Site "?"]
[Date "2016.04.22"]
[Round "7.4"]
[White "Maiwald, Jens-Uwe"]
[Black "Mista, Aleksander"]
[Result "0-1"]
[WhiteElo "2454"]
[BlackElo "2577"]
[PlyCount "62"]
[EventDate "2016.??.??"]

1. Nf3 g6 2. d4 Nf6 3. Bg5 Bg7 4. c3 b6 5. Nbd2 Bb7 6. Qc2 c5 7. dxc5 bxc5 8.
e4 O-O 9. Bd3 d6 10. O-O h6 11. Bh4 Nc6 12. Rad1 Nh5 13. Rfe1 Rb8 14. Nc4 Qc7
15. Bf1 g5 16. Bg3 Nxg3 17. hxg3 Rbd8 18. Rd2 Bf6 19. Ne3 e6 20. Qa4 Kg7 21.
Ba6 Ba8 22. Bb5 h5 23. g4 Rh8 24. Bf1 Ne5 25. Nh2 Rh7 26. Be2 hxg4 27. Nhf1 Bc6
28. Bb5 d5 29. Bxc6 Rdh8 30. Ng3 Nf3+ 31. gxf3 Rh1+ 0-1

[Event "BL 1516 USV TU Dresden - Schachfr. Berl"]
[Site "?"]
[Date "2016.04.22"]
[Round "7.5"]
[White "Piorun, Kacper"]
[Black "Boensch, Uwe"]
[Result "1-0"]
[WhiteElo "2657"]
[BlackElo "2553"]
[PlyCount "61"]
[EventDate "2016.??.??"]

1. e4 c5 2. Nf3 d6 3. d4 cxd4 4. Nxd4 Nf6 5. Nc3 e6 6. g3 Nc6 7. Bg2 a6 8. O-O
Bd7 9. Be3 Be7 10. Nb3 O-O 11. f4 Rb8 12. g4 Bc8 13. Qe2 Nd7 14. Rad1 Re8 15.
Qf2 Bf8 16. Kh1 b6 17. e5 Qc7 18. exd6 Bxd6 19. Ne4 Be7 20. f5 Nf6 21. Bf4 e5
22. Nxf6+ Bxf6 23. Be3 Be7 24. g5 Bf8 25. g6 hxg6 26. fxg6 fxg6 27. Bxb6 Rxb6
28. Bd5+ Be6 29. Bxe6+ Rxe6 30. Qxf8+ Kh7 31. Rf7 1-0